Risgo soberano (Registro nro. 28176)

Detalles MARC
000 -LEADER
fixed length control field 00311 a2200121 4500
001 - CONTROL NUMBER
control field ART_33041
005 - DATE AND TIME OF LATEST TRANSACTION
control field 20260410161926.0
008 - FIXED-LENGTH DATA ELEMENTS--GENERAL INFORMATION
fixed length control field 260409a
100 1# - MAIN ENTRY--PERSONAL NAME
Personal name Porta, Marcos
245 10 - TITLE STATEMENT
Title Risgo soberano
700 1# - ADDED ENTRY--PERSONAL NAME
Personal name Perotti, Estrella
773 0# - HOST ITEM ENTRY
Title Lecturas
Related parts - Nº 18 (ene. 2015)
Record control number REV19328

No hay ítems disponibles.